|
|
|
|
| LEADER |
00882nam a22001817a 4500 |
| 005 |
20151026130227.0 |
| 008 |
090919t xxu||||| |||| 00| 0 eng d |
| 080 |
|
|
|a 830 (540) (05)
|b GER
|
| 110 |
|
|
|a German Dept
|9 4972
|
| 245 |
|
|
|a German studies in India "Indo German"
|
| 260 |
|
|
|a Trivandrum
|b German Dept.of University of Kerala
|9 4973
|
| 490 |
|
|
|v vol.1, no.1
|
| 500 |
|
|
|a "Formerly - "Indo- German"
Lib.has v.1 (1977)- v.2 (1978), v.6 (1982) -v.8(1984)
|
| 942 |
|
|
|c BV
|6 _
|
| 999 |
|
|
|c 2282
|d 2282
|
| 952 |
|
|
|0 0
|1 0
|2 udc
|4 0
|6 83054005_GER12
|7 0
|9 10565
|a UL
|b UL
|d 2009-09-19
|o 830(540)(05) GER.1-2
|p 00034902
|r 2009-09-19
|w 2009-09-19
|y BV
|
| 952 |
|
|
|0 0
|1 0
|2 udc
|4 0
|6 83054005_GER67
|7 0
|9 10566
|a UL
|b UL
|d 2009-09-19
|o 830(540)(05) GER.6-7
|p 00034907
|r 2009-09-19
|w 2009-09-19
|y BV
|
| 952 |
|
|
|0 0
|1 0
|2 udc
|4 0
|6 83054005_GER89
|7 0
|9 10567
|a UL
|b UL
|d 2009-09-19
|o 830(540)(05) GER.8-9
|p 00035636
|r 2009-09-19
|w 2009-09-19
|y BV
|